|
|
|
|
| LEADER |
00696nab a2200181 i 4500 |
| 001 |
acta1036 |
| 005 |
20210420105120.0 |
| 008 |
161015s1991 hu o 0|| hun d |
| 022 |
|
|
|a 0586-3708
|
| 040 |
|
|
|a SZTE Egyetemi Kiadványok Repozitórium
|b hun
|
| 041 |
|
|
|a hun
|
| 100 |
1 |
|
|a Szörényi László
|
| 245 |
1 |
0 |
|a Dayka Gábor latin versei Tóth László fordításában
|h [elektronikus dokumentum] /
|c Szörényi László
|
| 260 |
|
|
|c 1991
|
| 300 |
|
|
|a 19-32
|
| 490 |
0 |
|
|a Acta historiae litterarum hungaricarum
|v 27
|
| 695 |
|
|
|a Magyar irodalom költészet 18. sz., Magyar irodalom vers, Irodalomtudomány
|
| 856 |
4 |
0 |
|u http://acta.bibl.u-szeged.hu/1036/1/hist_litt_hung_027_019-032.pdf
|z Dokumentum-elérés
|